000 00944caa a22002417a 4500
999 _c419390
_d419390
001 131149
003 UA-OsUOA
005 20200127104652.0
007 ta
008 20180523b un ||||| |||| 00| 0 ukr d
040 _aUA-OsUOA
_bukr
_cUA-OsUOA
_dUA-OsUOA
041 _aukr
080 _a908
090 _a908
_bС44
100 _aСкокова Н.
245 _aУчасть українських допоміжних формувань у знищенні євреїв нацистами на окупованій території Волині
_cН. Скокова
300 _aС. 97–100
650 7 _a908 Краєзнавство
_2UDC
773 0 _0387794
_9411657
_dОстрог НаУОА 2013
_o143116
_tАктуальні питання історії та культури України
_w(UA-OsUOA) 101686
942 _cBKA
_2udc
955 _a1